000 00203nam a22000977a 4500
041 _aeng
080 _a80
100 _aGilday, Robert M.
245 _aColliers Encyclopedia. 1963 Yearbook.
999 _c282363
_d282363
942 _cBK